| 000 | 01194cam a2200361 i 4500 | ||
|---|---|---|---|
| 999 |
_c529405 _d529405 |
||
| 001 | 20152152 | ||
| 003 | NUST | ||
| 005 | 20190925124004.0 | ||
| 008 | 171123s2017 pk 000 0 eng | ||
| 010 | _a 2017332839 | ||
| 020 | _a9780199405497 | ||
| 025 | _aP-E-2017332839; 04 | ||
| 037 | _bLibrary of Congress -- Islamabad Overseas Office | ||
| 038 | _aA | ||
| 040 |
_aDLC _beng _cDLC _erda |
||
| 042 |
_alcode _apcc |
||
| 043 | _aa-pk--- | ||
| 050 | 0 | 0 |
_aHD2741 _b.A445 2017 |
| 082 | _a658.4092 AHM | ||
| 100 | 1 |
_aAhmed, Muntazar Bashir, _eauthor. _921388 |
|
| 245 | 1 | 0 |
_aCasebook on corporate governance and management practices in Pakistani organizations / _cMuntazar Bashir Ahmed. |
| 250 | _aFirst edition. | ||
| 264 | 1 |
_aKarachi : _bOxford University Press, _c2017. |
|
| 300 |
_axvi, 231 pages ; _c24 cm |
||
| 336 |
_atext _btxt _2rdacontent |
||
| 337 |
_aunmediated _bn _2rdamedia |
||
| 338 |
_avolume _bnc _2rdacarrier |
||
| 650 | 0 |
_aCorporate governance _zPakistan _vCase studies. _921389 |
|
| 650 | 0 |
_aIndustrial management _zPakistan _vCase studies. _921390 |
|
| 906 |
_a7 _bcbc _corigode _d3 _encip _f20 _gy-gencatlg |
||
| 942 |
_2ddc _cBK |
||